Statistics for Jonny Quest Franchise

Click here to take the quiz!

General Stats

  • This quiz has been taken 5 times
  • The average score is 4 of 14

Answer Stats

TypeYearNameInfo% Correct
Comic Book1964Jonny QuestGold Key Comics
100%
TV Show1964-1965Jonny QuestABC
100%
Comic Series1986-1988Jonny QuestComico
100%
TV Show1986-1987The New Adventures of Jonny QuestSyndication
25%
TV Show1996-1997The Real Adventures of Jonny QuestCartoon Network
25%
Comic Book2017Adam Strange/Future Quest Annual #1DC Comics
0%
Comic Series2016-2017Future QuestDC Comics
0%
Comic Series1988Jezebel JadeComico
0%
Video Game1996Jonny Quest: Cover-Up at RoswellVirgin Sound and Vision
0%
Video Game1993Jonny Quest: Curse of the Mayan WarriorsHollyware Entertainment
0%
Video Game1991Jonny Quest in Doctor Zin's UnderworldHi-Tec Software
0%
TV Film1995Jonny Quest vs. The Cyber InsectsTNT
0%
TV Film1992Jonny's Golden QuestUSA Network
0%
Film2015Tom and Jerry: Spy QuestWarner Bros.
0%

Score Distribution

Percentile by Number Answered

Percent of People with Each Score

Your Score History

You have not taken this quiz